| 000 | 00684cam a2200229 4500500 | ||
|---|---|---|---|
| 005 | 20260405003448.0 | ||
| 041 | _afre | ||
| 042 | _adc | ||
| 100 | 1 | 0 |
_aEnjalbert, Cédric _eauthor |
| 245 | 0 | 0 | _a“La Seconde Surprise de l’amour” : parce que je le Marivaux bien |
| 260 | _c2022. | ||
| 500 | _a67 | ||
| 690 | _aAuthenticité | ||
| 690 | _aClaude Romano | ||
| 690 | _aJeu | ||
| 690 | _aNaturel | ||
| 690 | _aSentiment | ||
| 690 | _aThéâtre | ||
| 690 | _aVérité | ||
| 786 | 0 | _nPhilosophie magazine | 156 | 2 | 2022-02-01 | p. 79-80 | 1951-1787 | |
| 856 | 4 | 1 | _uhttps://shs.cairn.info/magazine-philosophie-magazine-2022-2-page-79?lang=fr&redirect-ssocas=7080 |
| 999 |
_c2067760 _d2067760 |
||